[Event "20. Abierto de la Constitucion 2018"]
[Site "S. S. de los Reyes ESP"]
[Date "2018.12.05"]
[Round "5.18"]
[White "Anton Quevedo, Andrea"]
[Black "Salgado Nogal, Marcos"]
[Result "1-0"]
[WhiteElo "1876"]
[BlackElo "1533"]
[PlyCount "143"]
[EventDate "2018.12.01"]
[EventType "swiss"]
[EventRounds "9"]
[EventCountry "ESP"]
[SourceTitle "Ajedrez en Madrid"]
[Source "lmi"]
[SourceDate "2018.12.01"]

1. e4 e5 2. Nf3 Nc6 3. Bc4 Bc5 4. c3 Nf6 5. d4 exd4 6. O-O Nxe4 7. cxd4 d5 8.
dxc5 dxc4 9. Qe2 Qd3 10. Re1 Qxe2 11. Rxe2 f5 12. Nc3 O-O 13. Nxe4 fxe4 14.
Rxe4 Na5 15. Bd2 Nc6 16. Rae1 Bf5 17. Rxc4 Rae8 18. Be3 Be6 19. Ra4 Bd5 20. Nd2
Rf5 21. Rd1 Rd8 22. h3 a6 23. Rc1 Re8 24. a3 Ne5 25. Rd4 Nc6 26. Rd3 Be6 27.
Nf3 Rd5 28. Rdc3 Rf8 29. Kh2 h6 30. Re1 Rh5 31. Nd4 Nxd4 32. Bxd4 Bd5 33. Rg3
Rf7 34. Re8+ Kh7 35. Kg1 Rh4 36. Be3 Re4 37. Rd8 c6 38. Rd6 Re6 39. Rd8 Re4 40.
Rg4 Rxg4 41. hxg4 Be6 42. g5 hxg5 43. Bxg5 Kg6 44. Be3 Kh7 45. Re8 Bd5 46. Kf1
Rd7 47. Bf4 Rf7 48. Bd6 Bc4+ 49. Ke1 Bd5 50. g3 Rf6 51. Rb8 Rf7 52. f4 Bc4 53.
Kd2 Be6 54. Kc3 Rd7 55. Kb4 Kg6 56. Ka5 Bc4 57. Be5 Kf7 58. Kb6 Bb5 59. b3 a5
60. Rxb7 Rxb7+ 61. Kxb7 a4 62. bxa4 Bxa4 63. Kb6 g6 64. Ka5 Bb5 65. a4 Be2 66.
Kb6 Ke6 67. a5 Kd5 68. Bd6 Ke4 69. a6 Bxa6 70. Kxa6 Kf3 71. Kb6 Kg4 72. Kxc6
1-0

[Event "20. Abierto de la Constitucion 2018"]
[Site "S. S. de los Reyes ESP"]
[Date "2018.12.05"]
[Round "5.19"]
[White "Pindado Del Carmen, Eliseo"]
[Black "Largo Barbero, Benito"]
[Result "0-1"]
[WhiteElo "1525"]
[BlackElo "1866"]
[PlyCount "100"]
[EventDate "2018.12.01"]
[EventType "swiss"]
[EventRounds "9"]
[EventCountry "ESP"]
[SourceTitle "Ajedrez en Madrid"]
[Source "lmi"]
[SourceDate "2018.12.01"]

1. d4 d6 2. Nf3 g6 3. c4 Bg7 4. Nc3 Nf6 5. e4 O-O 6. Be2 Na6 7. O-O e5 8. Bg5
h6 9. Bxf6 Bxf6 10. d5 Bg7 11. Nd2 f5 12. a3 c5 13. Rb1 h5 14. b4 f4 15. b5 Nc7
16. a4 b6 17. Kh1 Ne8 18. Re1 Nf6 19. Bf3 Kf7 20. Rg1 Rh8 21. g3 Ng4 22. Qe2
Qd7 23. Bg2 Qe7 24. Bf3 g5 25. Kg2 Nf6 26. Kf1 g4 27. Bh1 f3 28. Qd3 Bh6 29.
Nxf3 gxf3 30. Bxf3 Ng4 31. Ke2 Bg7 32. h4 Qf6 33. Rg2 Bd7 34. Ke1 a6 35. Be2
axb5 36. axb5 Qh6 37. Bxg4 Bxg4 38. f3 Bd7 39. Rf2 Ra3 40. f4 exf4 41. Rc1 Ke7
42. Rxf4 Be5 43. Qd2 Bxf4 44. gxf4 Rg8 45. Qf2 Qg7 46. Ne2 Ra1 47. Kd2 Rxc1 48.
Kxc1 Qa1+ 49. Kd2 Bg4 50. Ng3 Ra8 0-1

[Event "20. Abierto de la Constitucion 2018"]
[Site "S. S. de los Reyes ESP"]
[Date "2018.12.05"]
[Round "5.20"]
[White "Gonzalez Garcia, Luis"]
[Black "Minguela Munoz, Bienvenido"]
[Result "1/2-1/2"]
[WhiteElo "1505"]
[BlackElo "1792"]
[PlyCount "43"]
[EventDate "2018.12.01"]
[EventType "swiss"]
[EventRounds "9"]
[EventCountry "ESP"]
[SourceTitle "Ajedrez en Madrid"]
[Source "lmi"]
[SourceDate "2018.12.01"]

1. d4 Nf6 2. Bf4 d5 3. e3 e6 4. Nf3 Nbd7 5. Bd3 c5 6. c3 Be7 7. Nbd2 O-O 8. h3
Re8 9. O-O Nf8 10. Ne5 Ng6 11. Bg5 c4 12. Bc2 Nd7 13. Bxe7 Rxe7 14. f4 Ndxe5
15. fxe5 b5 16. Qg4 Rc7 17. Qg3 Qh4 18. Qf2 Qxf2+ 19. Rxf2 a5 20. Raf1 Ba6 21.
Nf3 b4 22. Bxg6 1/2-1/2

[Event "20. Abierto de la Constitucion 2018"]
[Site "S. S. de los Reyes ESP"]
[Date "2018.12.05"]
[Round "5.21"]
[White "Rodriguez Garcia, Alberto"]
[Black "Llamas Martinez, Pablo"]
[Result "0-1"]
[WhiteElo "1781"]
[BlackElo "1479"]
[PlyCount "120"]
[EventDate "2018.12.01"]
[EventType "swiss"]
[EventRounds "9"]
[EventCountry "ESP"]
[SourceTitle "Ajedrez en Madrid"]
[Source "lmi"]
[SourceDate "2018.12.01"]

1. d4 Nf6 2. c4 g6 3. f3 d5 4. cxd5 Nxd5 5. e4 Nf6 6. Nc3 Bg7 7. Be3 e6 8. Qd2
b6 9. Rc1 Bb7 10. Bd3 Nc6 11. h4 h5 12. Nge2 a6 13. a3 Rc8 14. Bg5 Qd7 15. Bb1
Na5 16. Ba2 Nh7 17. Be3 Nc6 18. O-O Rd8 19. Rfd1 Qe7 20. g3 Qf6 21. Kg2 O-O 22.
Qe1 Rd7 23. Qf2 Rfd8 24. e5 Qe7 25. Nf4 Bh6 26. Rd2 Bxf4 27. gxf4 Qe8 28. Kh2
Ne7 29. Rg1 Nf5 30. Ne4 Qe7 31. Kh3 c5 32. dxc5 Rxd2 33. Nxd2 Nxe3 34. Qxe3
bxc5 35. Bb1 Nf8 36. Nc4 Bd5 37. Nd6 Nd7 38. Qf2 Kh7 39. Rg5 Kh6 40. Qg1 Rg8
41. Rg3 Nb8 42. Qxc5 Nc6 43. Qe3 Kh7 44. Rg5 Kg7 45. Qf2 Kh6 46. Rg3 Kh7 47.
Qg1 Kh6 48. Qc1 Kh7 49. Bd3 Nd4 50. Bxa6 Nxf3 51. Qe3 Qxh4+ 52. Kg2 Qh2+ 53.
Kf1 Qxg3 54. Qa7 Qe1+ 55. Kg2 Ng5+ 56. Kh2 Qh1+ 57. Kg3 Qh3+ 58. Kf2 Qg2+ 59.
Ke1 Nf3+ 60. Kd1 Qd2# 0-1

[Event "20. Abierto de la Constitucion 2018"]
[Site "S. S. de los Reyes ESP"]
[Date "2018.12.05"]
[Round "5.22"]
[White "Llamas Aliste, Alberto"]
[Black "Criado Jimenez, Jose"]
[Result "1-0"]
[WhiteElo "1703"]
[BlackElo "1527"]
[PlyCount "83"]
[EventDate "2018.12.01"]
[EventType "swiss"]
[EventRounds "9"]
[EventCountry "ESP"]
[SourceTitle "Ajedrez en Madrid"]
[Source "lmi"]
[SourceDate "2018.12.01"]

1. e4 b6 2. d4 Bb7 3. Nc3 e6 4. Nf3 Bb4 5. Bd3 d6 6. Bd2 Nf6 7. Qe2 O-O 8. a3
Bxc3 9. Bxc3 c5 10. h3 c4 11. Bxc4 Nxe4 12. Bd3 Nxc3 13. bxc3 Nd7 14. O-O Rc8
15. c4 h6 16. Nd2 Nf6 17. Rfe1 Re8 18. f3 Qc7 19. Qf2 Qc6 20. Re2 Ba6 21. Rae1
Qa4 22. Re3 Kh8 23. Qf1 Rc7 24. d5 e5 25. f4 exf4 26. Rxe8+ Nxe8 27. Qxf4 Nf6
28. Qxd6 Rc8 29. Re7 Re8 30. Rxf7 Qa5 31. Rf8+ Rxf8 32. Qxf8+ Ng8 33. Nf3 Qc3
34. Qf5 Nf6 35. Ne5 Qxa3 36. Nf7+ Kg8 37. Nxh6+ Kh8 38. Nf7+ Kg8 39. Ne5 Qc5+
40. Kf1 Bc8 41. Qg6 Qc7 42. d6 1-0

[Event "20. Abierto de la Constitucion 2018"]
[Site "S. S. de los Reyes ESP"]
[Date "2018.12.05"]
[Round "5.23"]
[White "Diaz Guzman, David"]
[Black "Munoz Gonzalez, Martin"]
[Result "0-1"]
[WhiteElo "1126"]
[BlackElo "1414"]
[PlyCount "76"]
[EventDate "2018.12.01"]
[EventType "swiss"]
[EventRounds "9"]
[EventCountry "ESP"]
[SourceTitle "Ajedrez en Madrid"]
[Source "lmi"]
[SourceDate "2018.12.01"]

1. e4 Nf6 2. e5 Nd5 3. c4 Nf4 4. d4 Ng6 5. Nf3 d6 6. exd6 Qxd6 7. Nc3 Bg4 8.
Be2 Nc6 9. d5 Nce5 10. Nxe5 Qxe5 11. f3 Bf5 12. Nb5 a6 13. Nd4 e6 14. g4 Bb4+
15. Kf1 O-O 16. gxf5 exf5 17. a3 Bd6 18. Qd3 Ne7 19. b4 c6 20. c5 Bxc5 21. bxc5
Qxd5 22. Qc4 Qe5 23. Bg5 Nd5 24. Re1 h6 25. Bh4 Ne3+ 26. Kf2 Nxc4 27. Nc2 Qxc5+
28. Kg2 Nxa3 29. Nxa3 Qxa3 30. Bc4 Qb2+ 31. Re2 Qc3 32. Ba2 Rfe8 33. Rhe1 Rxe2+
34. Rxe2 Kf8 35. Be1 Qa1 36. Kf1 Re8 37. Rxe8+ Kxe8 38. Bc4 b5 0-1

[Event "20. Abierto de la Constitucion 2018"]
[Site "S. S. de los Reyes ESP"]
[Date "2018.12.05"]
[Round "5.24"]
[White "Ruiz Grau, David"]
[Black "Palomares Cortez, Facundo Sebast"]
[Result "0-1"]
[WhiteElo "1289"]
[BlackElo "1684"]
[PlyCount "144"]
[EventDate "2018.12.01"]
[EventType "swiss"]
[EventRounds "9"]
[EventCountry "ESP"]
[SourceTitle "Ajedrez en Madrid"]
[Source "lmi"]
[SourceDate "2018.12.01"]

1. d4 Nf6 2. Bf4 d5 3. e3 e6 4. Nd2 Bd6 5. Bg3 O-O 6. Bd3 c5 7. c3 Nc6 8. Bxd6
Qxd6 9. f4 b6 10. a3 Bb7 11. Ngf3 Ne7 12. Rc1 Ne4 13. O-O f5 14. Ne5 Nxd2 15.
Qxd2 Nc6 16. Nf3 Na5 17. Qc2 Rac8 18. Qa4 c4 19. Bb1 Nb3 20. Rcd1 a5 21. Ne5
Bc6 22. Nxc6 Qxc6 23. Qxc6 Rxc6 24. Bc2 b5 25. Bxb3 cxb3 26. Rc1 Rfc8 27. Ra1
Ra6 28. Rfc1 Rc4 29. Kf2 Kf7 30. Ke2 h6 31. h4 Ke7 32. g3 h5 33. Kd2 Kd6 34.
Kd3 Ra4 35. Kd2 Kc7 36. Kd3 Kb7 37. Kd2 b4 38. cxb4 axb4 39. Rc5 bxa3 40. Rac1
Rc4 41. bxa3 Rxc1 42. Kxc1 Rxa3 43. Rb5+ Kc7 44. Rc5+ Kd7 45. Rb5 Ke7 46. Kb1
b2 47. Rb7+ Kf6 48. Kxb2 Rxe3 49. Rb3 Re1 50. Rd3 Re2+ 51. Kb1 Ke7 52. Kc1 Ra2
53. Kb1 Ra4 54. Kb2 Kd7 55. Kb3 Rc4 56. Kb2 Kc6 57. Kb3 Kb5 58. Kb2 Rb4+ 59.
Kc3 Ka4 60. Kc2 Kb5 61. Kc3 Ra4 62. Kb2 Kc4 63. Rd2 Rb4+ 64. Kc2 Rb3 65. Re2
Rxg3 66. Rxe6 Rg2+ 67. Kd1 Kxd4 68. Re5 g6 69. Re8 Kd3 70. Re5 Rg1+ 71. Re1
Rxe1+ 72. Kxe1 Ke3 0-1

[Event "20. Abierto de la Constitucion 2018"]
[Site "S. S. de los Reyes ESP"]
[Date "2018.12.05"]
[Round "5.25"]
[White "Garcia Estebanez, Diego"]
[Black "Martinez Miura, Enrique"]
[Result "0-1"]
[WhiteElo "1168"]
[BlackElo "1627"]
[PlyCount "76"]
[EventDate "2018.12.01"]
[EventType "swiss"]
[EventRounds "9"]
[EventCountry "ESP"]
[SourceTitle "Ajedrez en Madrid"]
[Source "lmi"]
[SourceDate "2018.12.01"]

1. e4 e6 2. d4 d5 3. Nd2 dxe4 4. Nxe4 Nd7 5. Nf3 Be7 6. Bb5 c6 7. Ba4 Qa5+ 8.
Nc3 Bb4 9. Bb3 Ngf6 10. O-O O-O 11. a3 Be7 12. Bd2 Qc7 13. Qe1 b6 14. Ne4 Ba6
15. Nxf6+ Nxf6 16. c4 b5 17. Qc1 Qb7 18. Bc3 bxc4 19. Bc2 Rab8 20. Bb1 Qc7 21.
Qc2 g6 22. d5 cxd5 23. Be5 Qb7 24. Bxb8 Rxb8 25. Ra2 c3 26. bxc3 Bxf1 27. Kxf1
Qxb1+ 28. Qxb1 Rxb1+ 29. Ke2 Rb3 30. Kd2 Ne4+ 31. Kc2 Rxa3 32. Rb2 Rxc3+ 33.
Kd1 Ra3 34. Ne5 Bf6 35. Rb8+ Kg7 36. Nd7 Ra2 37. Nxf6 Kxf6 38. Rb4 Nxf2+ 0-1

[Event "20. Abierto de la Constitucion 2018"]
[Site "S. S. de los Reyes ESP"]
[Date "2018.12.05"]
[Round "5.30"]
[White "Martinez-Paul Exposito, Ignacio Jesus"]
[Black "Bellod Thomas, Gonzalo"]
[Result "0-1"]
[WhiteElo "1192"]
[BlackElo "1633"]
[PlyCount "90"]
[EventDate "2018.12.01"]
[EventType "swiss"]
[EventRounds "9"]
[EventCountry "ESP"]
[SourceTitle "Ajedrez en Madrid"]
[Source "lmi"]
[SourceDate "2018.12.01"]

1. d4 Nf6 2. c4 g6 3. Nc3 d5 4. e3 Bg7 5. Nf3 O-O 6. Bd3 c6 7. O-O Nbd7 8. Qc2
dxc4 9. Bxc4 b5 10. Bd3 Bb7 11. b3 Rc8 12. Bb2 a6 13. Ne2 c5 14. Qd2 Ne4 15.
Bxe4 Bxe4 16. Ng5 Bb7 17. Ng3 e6 18. N5e4 Nf6 19. Qd3 c4 20. bxc4 bxc4 21. Qb1
Rb8 22. Qc2 Nxe4 23. Ba3 Nxg3 24. Bxf8 Nxf1 25. Bxg7 Kxg7 26. Kxf1 Qd5 27. f3
Rc8 28. Qc3 h5 29. Rb1 Rc7 30. e4 Qd6 31. g3 Kg8 32. e5 Qd5 33. Kf2 Rd7 34. Rd1
Qb5 35. h4 a5 36. a3 Qb3 37. Qxb3 cxb3 38. Rb1 a4 39. Ke3 Rc7 40. Kd3 Bxf3 41.
Rb2 Bg4 42. Kd2 Bf5 43. Kd1 Rc2 44. Rxc2 Bxc2+ 45. Kc1 Kg7 0-1

[Event "20. Abierto de la Constitucion 2018"]
[Site "S. S. de los Reyes ESP"]
[Date "2018.12.05"]
[Round "5.33"]
[White "Lopez Sanz, David"]
[Black "Luque Sanz, Victor"]
[Result "1-0"]
[WhiteElo "1395"]
[BlackElo "1236"]
[PlyCount "65"]
[EventDate "2018.12.01"]
[EventType "swiss"]
[EventRounds "9"]
[EventCountry "ESP"]
[SourceTitle "Ajedrez en Madrid"]
[Source "lmi"]
[SourceDate "2018.12.01"]

1. e4 e5 2. Nf3 Nc6 3. d4 exd4 4. Nxd4 Nf6 5. Nxc6 bxc6 6. e5 Ne4 7. Qf3 Ng5 8.
Qh5 Be7 9. Bc4 O-O 10. O-O d5 11. exd6 cxd6 12. b3 d5 13. Bd3 g6 14. Qe2 Re8
15. Qd2 Bf6 16. Nc3 Ne4 17. Bxe4 Rxe4 18. Nxe4 Bxa1 19. Ba3 Be5 20. f4 Ba6 21.
fxe5 Bxf1 22. Nf6+ Kg7 23. Kxf1 Qc7 24. Ng4 Kg8 25. Qh6 f5 26. Nf6+ Kh8 27. Bb2
c5 28. Nxd5 Qg7 29. Qc1 Qd7 30. e6+ Kg8 31. exd7 Rd8 32. Qh6 Rxd7 33. Nf6+ 1-0

[Event "20. Abierto de la Constitucion 2018"]
[Site "S. S. de los Reyes ESP"]
[Date "2018.12.06"]
[Round "6.1"]
[White "Rodrigo Yanguas, Maria"]
[Black "Lianes Garcia, Marcos"]
[Result "0-1"]
[WhiteElo "2053"]
[BlackElo "2330"]
[PlyCount "96"]
[EventDate "2018.12.01"]
[EventType "swiss"]
[EventRounds "9"]
[EventCountry "ESP"]
[SourceTitle "Ajedrez en Madrid"]
[Source "lmi"]
[SourceDate "2018.12.01"]

1. e4 c5 2. c3 Nf6 3. e5 Nd5 4. d4 cxd4 5. Nf3 Nc6 6. cxd4 d6 7. Bc4 dxe5 8.
dxe5 Ndb4 9. Qb3 e6 10. O-O Na5 11. Bb5+ Bd7 12. Qa4 Bxb5 13. Qxb5+ Nac6 14.
Nc3 a6 15. Qe2 Qd3 16. Rd1 Qxe2 17. Nxe2 Be7 18. Nc3 Rd8 19. Rxd8+ Bxd8 20. Ne4
Bc7 21. Bd2 Nd3 22. Bc3 O-O 23. Rd1 Rd8 24. Kf1 Rd5 25. g3 Ndxe5 26. Rxd5 exd5
27. Nxe5 dxe4 28. Nc4 f5 29. Ne3 g6 30. h4 Kf7 31. h5 Ke6 32. hxg6 hxg6 33. Ke2
b5 34. b3 Be5 35. Bxe5 Kxe5 36. Ng2 g5 37. Ke3 Nb4 38. a4 Nd5+ 39. Kd2 bxa4 40.
bxa4 Kd4 41. Ne1 Kc4 42. Nc2 f4 43. a5 Nb4 44. Ne1 f3 45. g4 Kd4 46. Kd1 Kc3
47. Kc1 e3 48. Nxf3 e2 0-1

[Event "20. Abierto de la Constitucion 2018"]
[Site "S. S. de los Reyes ESP"]
[Date "2018.12.06"]
[Round "6.2"]
[White "Quevedo Marin, Manuel"]
[Black "Pastor Alonso De Prado, Alberto"]
[Result "0-1"]
[WhiteElo "2199"]
[BlackElo "2102"]
[PlyCount "96"]
[EventDate "2018.12.01"]
[EventType "swiss"]
[EventRounds "9"]
[EventCountry "ESP"]
[SourceTitle "Ajedrez en Madrid"]
[Source "lmi"]
[SourceDate "2018.12.01"]

1. e4 d6 2. d4 Nf6 3. Nc3 c6 4. h3 Qa5 5. Bd3 e5 6. Nf3 Nbd7 7. Be3 d5 8. O-O
Bb4 9. dxe5 Bxc3 10. exf6 Bxf6 11. Bd2 Qc7 12. exd5 O-O 13. dxc6 Qxc6 14. c3
Nc5 15. Bc2 Rd8 16. Qe2 Re8 17. Be3 b6 18. Rfd1 Ba6 19. Qe1 Bb7 20. a4 a5 21.
Kh1 h6 22. Qg1 Qe6 23. Qh2 Bxf3 24. gxf3 Be5 25. Qg2 Qf6 26. Qg4 Rad8 27. Qf5
Qxf5 28. Bxf5 Rxd1+ 29. Rxd1 Nxa4 30. Rd2 Nc5 31. Bxc5 bxc5 32. Rd5 g6 33. Bd3
Bf4 34. Rxc5 Rb8 35. Bb5 Bc1 36. b3 Bb2 37. Ba4 Rd8 38. c4 Bc3 39. Bc6 Rc8 40.
f4 Bb4 41. Rb5 Rxc6 42. f5 g5 43. Kg2 Rc5 44. Kf3 Rxb5 45. cxb5 Bc5 46. Kg3 Kg7
47. f3 Kf6 48. Kg4 Ke5 0-1

[Event "20. Abierto de la Constitucion 2018"]
[Site "S. S. de los Reyes ESP"]
[Date "2018.12.06"]
[Round "6.3"]
[White "Aziz Ortego, Omar Luis"]
[Black "Lozano Suarez, Luis Miguel"]
[Result "1-0"]
[WhiteElo "2053"]
[BlackElo "2135"]
[PlyCount "65"]
[EventDate "2018.12.01"]
[EventType "swiss"]
[EventRounds "9"]
[EventCountry "ESP"]
[SourceTitle "Ajedrez en Madrid"]
[Source "lmi"]
[SourceDate "2018.12.01"]

1. e4 e5 2. Bc4 Nf6 3. d3 Nc6 4. Bb3 Nd4 5. f4 Nxb3 6. axb3 d6 7. Nf3 Bg4 8. h3
Bxf3 9. Qxf3 Be7 10. Nc3 a6 11. O-O O-O 12. Be3 Nd7 13. d4 exd4 14. Bxd4 Bf6
15. Bf2 g6 16. Rad1 Bg7 17. g4 Qc8 18. Kg2 Re8 19. Rfe1 b5 20. h4 Bxc3 21. bxc3
Nf6 22. f5 h5 23. gxh5 gxh5 24. Bd4 Ng4 25. Qf4 f6 26. Bxf6 Kf7 27. Bd4 Rg8 28.
Kh3 c5 29. Bg1 Nf6 30. Rxd6 Qf8 31. e5 Ng4 32. Bxc5 Qc8 33. Rd7+ 1-0

[Event "20. Abierto de la Constitucion 2018"]
[Site "S. S. de los Reyes ESP"]
[Date "2018.12.06"]
[Round "6.4"]
[White "Martin Rodriguez, Emilio"]
[Black "Pindado Campos, Raul"]
[Result "1/2-1/2"]
[WhiteElo "1994"]
[BlackElo "2065"]
[PlyCount "73"]
[EventDate "2018.12.01"]
[EventType "swiss"]
[EventRounds "9"]
[EventCountry "ESP"]
[SourceTitle "Ajedrez en Madrid"]
[Source "lmi"]
[SourceDate "2018.12.01"]

1. d4 d5 2. Nf3 Nf6 3. Bg5 e6 4. e3 Be7 5. c3 O-O 6. Nbd2 b6 7. Ne5 Nfd7 8.
Bxe7 Qxe7 9. Nxd7 Nxd7 10. Bb5 Nb8 11. Qe2 c5 12. O-O Bd7 13. Bd3 Nc6 14. f4 f5
15. Nf3 Rab8 16. Bb5 Na5 17. Ne5 Be8 18. b3 Rc8 19. Rac1 Bxb5 20. Qxb5 Qe8 21.
Qa6 Nc6 22. Nd3 Qe7 23. Qb5 Nd8 24. c4 Nf7 25. dxc5 bxc5 26. Rfe1 Nd6 27. Qa5
Ne4 28. Ne5 Rfd8 29. g3 Qb7 30. Rc2 Rd6 31. Rec1 Rcd8 32. Qe1 d4 33. exd4 Rxd4
34. Nf3 R4d6 35. Qe2 h6 36. Ne5 Qb4 37. Qh5 1/2-1/2

[Event "20. Abierto de la Constitucion 2018"]
[Site "S. S. de los Reyes ESP"]
[Date "2018.12.06"]
[Round "6.5"]
[White "Gallardo Garcia, Andres"]
[Black "Cabanas Bravo, Juan Andres"]
[Result "1-0"]
[WhiteElo "2331"]
[BlackElo "1963"]
[PlyCount "25"]
[EventDate "2018.12.01"]
[EventType "swiss"]
[EventRounds "9"]
[EventCountry "ESP"]
[SourceTitle "Ajedrez en Madrid"]
[Source "lmi"]
[SourceDate "2018.12.01"]

1. Nf3 Nf6 2. c4 g6 3. d4 Bg7 4. Nc3 d5 5. Bf4 O-O 6. Rc1 c5 7. dxc5 Qa5 8.
cxd5 Rd8 9. Bd2 Qxc5 10. e4 Ng4 11. Qe2 Na6 12. h3 Nf6 13. Na4 1-0

[Event "20. Abierto de la Constitucion 2018"]
[Site "S. S. de los Reyes ESP"]
[Date "2018.12.06"]
[Round "6.6"]
[White "Perez Gonzalez, Jose Manuel"]
[Black "Vukotic Jovsic, Dragan"]
[Result "1-0"]
[WhiteElo "2221"]
[BlackElo "1935"]
[PlyCount "49"]
[EventDate "2018.12.01"]
[EventType "swiss"]
[EventRounds "9"]
[EventCountry "ESP"]
[SourceTitle "Ajedrez en Madrid"]
[Source "lmi"]
[SourceDate "2018.12.01"]

1. e4 e5 2. Nc3 Nf6 3. g3 d5 4. exd5 Nxd5 5. Bg2 Be6 6. Nge2 Nc6 7. O-O Be7 8.
d4 Nxd4 9. Nxd4 exd4 10. Qxd4 Nxc3 11. Qxc3 O-O 12. Be3 c6 13. Rad1 Qc8 14. Bd4
f6 15. Rfe1 Re8 16. Bc5 Bxc5 17. Qxc5 Qc7 18. Be4 Qb6 19. Qh5 Qxb2 20. Bxh7+
Kf8 21. Bg6 Re7 22. Qh8+ Bg8 23. Rxe7 Kxe7 24. Qxg7+ Ke6 25. Qd7+ 1-0

[Event "20. Abierto de la Constitucion 2018"]
[Site "S. S. de los Reyes ESP"]
[Date "2018.12.06"]
[Round "6.7"]
[White "Paarup, Torsten"]
[Black "Alfaya Marcelo, Roberto"]
[Result "1/2-1/2"]
[WhiteElo "1989"]
[BlackElo "2166"]
[PlyCount "66"]
[EventDate "2018.12.01"]
[EventType "swiss"]
[EventRounds "9"]
[EventCountry "ESP"]
[SourceTitle "Ajedrez en Madrid"]
[Source "lmi"]
[SourceDate "2018.12.01"]

1. d4 Nf6 2. c4 c5 3. d5 b5 4. Qc2 bxc4 5. e4 e6 6. Bxc4 exd5 7. exd5 d6 8. Nc3
Be7 9. Nge2 O-O 10. Ng3 Re8 11. O-O Nbd7 12. h3 Nb6 13. Bb5 Bd7 14. Bxd7 Qxd7
15. Qd3 Qb7 16. Nf5 Nbxd5 17. Qg3 Bf8 18. Nxd6 Nxc3 19. bxc3 Bxd6 20. Qxd6 Ne4
21. Qd3 Rad8 22. Qc4 Qd5 23. Qxd5 Rxd5 24. c4 Rd4 25. Be3 Rxc4 26. Rfc1 Ra4 27.
Bxc5 Nxc5 28. Rxc5 g6 29. Rc2 Re6 30. Rd1 Rea6 31. Rdd2 Kg7 32. g3 h5 33. h4
Ra3 1/2-1/2

[Event "20. Abierto de la Constitucion 2018"]
[Site "S. S. de los Reyes ESP"]
[Date "2018.12.06"]
[Round "6.8"]
[White "Hernandez Ramos, David"]
[Black "Chidichimo, Pedro Jose Maria"]
[Result "1-0"]
[WhiteElo "2078"]
[BlackElo "1772"]
[PlyCount "115"]
[EventDate "2018.12.01"]
[EventType "swiss"]
[EventRounds "9"]
[EventCountry "ESP"]
[SourceTitle "Ajedrez en Madrid"]
[Source "lmi"]
[SourceDate "2018.12.01"]

1. d4 d6 2. Nf3 Nf6 3. c4 Nbd7 4. Nc3 e5 5. e4 Be7 6. Be2 O-O 7. O-O c6 8. h3
Re8 9. Qc2 a6 10. Rd1 Qc7 11. Bg5 b5 12. a3 Bb7 13. Rac1 h6 14. Bh4 Nb6 15. Qb3
exd4 16. Nxd4 Nxe4 17. Bxe7 Nc5 18. Qc2 Qxe7 19. Nf5 Qg5 20. h4 Qf4 21. Rd4 Qe5
22. Rg4 g6 23. Nxh6+ Kg7 24. Rg5 Qf6 25. Ng4 Qe6 26. b4 Ncd7 27. Bd3 Ne5 28.
Bf5 Qxc4 29. Nxe5 Rxe5 30. Rg4 Rxf5 31. Qxf5 Bc8 32. Rxc4 Bxf5 33. Rxc6 Nc4 34.
a4 a5 35. Nxb5 d5 36. Nd6 Nxd6 37. Rxd6 axb4 38. Rxd5 Rxa4 39. Rd4 Kf6 40. Re1
Bc2 41. f3 Bb3 42. Ree4 Ra1+ 43. Kh2 Bc2 44. Rf4+ Bf5 45. Rxb4 Ke5 46. Kg3 Rh1
47. Rb5+ Kf6 48. Rfb4 Rd1 49. Rb6+ Be6 50. Kf4 Rd5 51. g4 g5+ 52. hxg5+ Rxg5
53. Re4 Rg8 54. Re5 Rd8 55. g5+ Ke7 56. g6 Rf8 57. gxf7 Rxf7+ 58. Kg5 1-0

[Event "20. Abierto de la Constitucion 2018"]
[Site "S. S. de los Reyes ESP"]
[Date "2018.12.06"]
[Round "6.9"]
[White "Marcos Herrero, Francisco"]
[Black "Lopez-Andujar Ocana, Antonio"]
[Result "0-1"]
[WhiteElo "1889"]
[BlackElo "2100"]
[PlyCount "78"]
[EventDate "2018.12.01"]
[EventType "swiss"]
[EventRounds "9"]
[EventCountry "ESP"]
[SourceTitle "Ajedrez en Madrid"]
[Source "lmi"]
[SourceDate "2018.12.01"]

1. d4 Nf6 2. c4 e6 3. g3 d5 4. Nf3 dxc4 5. Bg2 Nc6 6. O-O a6 7. a4 Rb8 8. Nc3
Bd7 9. Ne5 Bb4 10. Bg5 h6 11. Bxf6 gxf6 12. Nxd7 Qxd7 13. d5 Bxc3 14. bxc3 Ne7
15. e4 e5 16. Qh5 Qd6 17. Bh3 Ng6 18. Bf5 Ke7 19. Bxg6 fxg6 20. Qxg6 Rbg8 21.
Qf5 Rg5 22. Qf3 h5 23. h4 Rg4 24. Kh2 b6 25. Qf5 Qd7 26. Qxd7+ Kxd7 27. f3 Rg6
28. Rab1 Rhg8 29. Rg1 Kd6 30. Kh3 R6g7 31. Rb2 Kc5 32. g4 b5 33. axb5 axb5 34.
g5 fxg5 35. Rbg2 Rf7 36. Rg3 g4+ 37. fxg4 hxg4+ 38. Rxg4 Rf3+ 39. R4g3 Rxc3 0-1

[Event "20. Abierto de la Constitucion 2018"]
[Site "S. S. de los Reyes ESP"]
[Date "2018.12.06"]
[Round "6.10"]
[White "Lorenzo Bailador, Alfredo"]
[Black "Lopez de Turiso, Jose Angel"]
[Result "1/2-1/2"]
[WhiteElo "2044"]
[BlackElo "1913"]
[PlyCount "48"]
[EventDate "2018.12.01"]
[EventType "swiss"]
[EventRounds "9"]
[EventCountry "ESP"]
[SourceTitle "Ajedrez en Madrid"]
[Source "lmi"]
[SourceDate "2018.12.01"]

1. e4 c5 2. c3 Qa5 3. Nf3 Nc6 4. Bc4 b5 5. Bb3 c4 6. Bc2 d6 7. O-O Nf6 8. d4
cxd3 9. Qxd3 g6 10. Nbd2 a6 11. Nb3 Qc7 12. Nbd4 Bg7 13. Re1 O-O 14. a4 Ne5 15.
Nxe5 dxe5 16. Nb3 Be6 17. Nd2 Rfd8 18. Qe2 b4 19. c4 a5 20. b3 Nd7 21. Bb2 Nc5
22. Nf1 Bc8 23. Rad1 Bb7 24. Bc1 e6 1/2-1/2

[Event "20. Abierto de la Constitucion 2018"]
[Site "S. S. de los Reyes ESP"]
[Date "2018.12.06"]
[Round "6.11"]
[White "Llamas Martinez, Pablo"]
[Black "Lin, Yingrui"]
[Result "0-1"]
[WhiteElo "1479"]
[BlackElo "2017"]
[PlyCount "90"]
[EventDate "2018.12.01"]
[EventType "swiss"]
[EventRounds "9"]
[EventCountry "ESP"]
[SourceTitle "Ajedrez en Madrid"]
[Source "lmi"]
[SourceDate "2018.12.01"]

1. e4 c5 2. d4 cxd4 3. c3 dxc3 4. Nxc3 Nc6 5. Bc4 Nf6 6. Nf3 d6 7. O-O e6 8.
Qe2 Be7 9. Rd1 e5 10. Bg5 Bg4 11. h3 Nd4 12. Qd3 Bxf3 13. gxf3 Rc8 14. f4 O-O
15. fxe5 dxe5 16. Bxf6 Bxf6 17. Nd5 Bh4 18. f4 Ne6 19. f5 Nd4 20. Kh1 b5 21.
Bb3 Kh8 22. Rg1 a5 23. a3 a4 24. Bd1 Rc4 25. Nc3 Bf2 26. Rg2 Be1 27. Nxb5 Rc8
28. Nxd4 exd4 29. Bxa4 Bh4 30. Bb3 Bf6 31. Rag1 Qd6 32. h4 Qf4 33. h5 Be5 34.
Rg3 Qf2 35. Rh3 Qxb2 36. h6 g6 37. Qb5 d3 38. Qxd3 Rc3 39. Qf1 Rxb3 40. Rh4 Bg3
41. Rh3 Bf4 42. Rh4 g5 43. Rh5 Qc2 44. Qe1 Rb2 45. Rg4 Rb1 0-1